Obálka Náhled e-knihy:
PDF Epub
Pro půjčování e-knih musíte být přihlášeni.
Jak si půjčit online?

Pomněnka. Co drží svět pohromadě /

Odhalte všechna tajemství ve velkém finále trilogie Pomněnka!

Uloženo v:
Série:Pomněnka, část 3
Hlavní autor: Gier, Kerstin, 1966- (Autor)
Další autoři: Eliášová, Tereza (Autor)
Médium: E-kniha
Jazyk:Czech
Vydáno: V Praze : CooBoo, 2025
Vydání:1. vydání
Témata:
Příbuzné jednotky:Z cyklu:: Pomněnka
Tagy:
Žádné tagy
LEADER 03018nam a2200565 i 4500
001 312878
003 CZ PrSKC
005 20260601215730.0
007 ta
008 251125s2025 xr d 000 f cze
015 |a cnb003720395 
020 |a 9788026741121  |q (vázáno) 
035 |a (OCoLC)1572323295 
040 |a ABG001  |b cze  |e rda 
041 1 |a cze  |h ger 
072 7 |a 821.112.2-3  |x Německá próza, německy psaná  |2 Konspekt 
072 7 |a 821-93  |x Literatura pro děti a mládež (beletrie)  |2 Konspekt 
080 |a 821.112.2-31  |2 MRF 
080 |a 821-93-053.67  |2 MRF 
080 |a 821-93  |2 MRF 
080 |a (0:82-312.9)  |2 MRF 
100 1 |a Gier, Kerstin,  |d 1966-  |7 ola20050317001  |4 aut 
240 1 0 |a Was die Welt zusammenhält.  |l Česky 
245 1 0 |a Pomněnka.  |p Co drží svět pohromadě /  |c Kerstin Gierová ; přeložila Tereza Eliášová 
246 3 0 |a Co drží svět pohromadě 
250 |a 1. vydání 
264 1 |a V Praze :  |b CooBoo,  |c 2025 
300 |a 452 stran ;  |c 21 cm 
336 |a text  |b txt  |2 rdacontent 
337 |a bez média  |b n  |2 rdamedia 
338 |a svazek  |b nc  |2 rdacarrier 
500 |a Přeloženo z němčiny 
520 2 |a Odhalte všechna tajemství ve velkém finále trilogie Pomněnka!  |b Po dobrodružstvích na Okraji je Quinnovi jasná jedna věc: Matilda je jeho velká láska, ať už je její rodina sebevíc náročná. Oba by si vlastně teď měli užívat přípravy na velký školní ples. Jenže do toho zasáhne záhadný rituál hvězdné brány, podle kterého je Quinn vyvoleným, jenž má zachránit svět. A pak jsou tu ještě uprchlí temní elfové, kteří potřebují skrýt a tajemné orákulum, které v rozhodujících chvílích stále mizí. Jinými slovy - obyčejné úterý. Situace se ještě více zkomplikuje, když se Matylda dostane do hledáčku mocných nepřátel. Společně s Quinnem musí rozluštit tajemství, na kterých závisí život a smrt... Nakladatelská anotace. 
655 7 |a německé romány  |7 fd132945  |2 czenas 
655 7 |a fantasy romány  |7 fd184199  |2 czenas 
655 7 |a literatura young adult  |7 fd1185572  |2 czenas 
655 7 |a publikace pro mládež  |7 fd133157  |2 czenas 
655 9 |a German fiction  |2 eczenas 
655 9 |a fantasy novels  |2 eczenas 
655 9 |a young adult literature  |2 eczenas 
655 9 |a juvenile literature  |2 eczenas 
700 1 |a Eliášová, Tereza  |7 mub2018985887  |4 trl 
765 1 |t Vergissmeinnicht 
787 0 8 |i Z cyklu:  |t Pomněnka  |g 3 
900 |a ABA001  |b 20 
928 9 |a Albatros Media - CooBoo 
044 |a xr 
910 |a RBIT002 
998 |d 423922  |a https://core.palmknihy.cz/api/books/423922/cover?t5sjcn  |b https://core.palmknihy.cz/api/books/423922/cover/400?t5sjcn  |c https://core.palmknihy.cz/api/books/423922/cover/50?t5sjcn  |e 2029-09-23  |g 456  |i 9788026741121  |j https://core.palmknihy.cz/api/books/423922/preview.epub  |k https://core.palmknihy.cz/api/books/423922/preview.pdf  |l   |q 49  |r 1  |s https://www.palmknihy.cz/kniha/423922  |t ebook  |y 2025  |z 0  |v Pomněnka  |w 3 
999 |d 312876